The fat of the land. : Enl. ed. of Not by bread alone /

Bibliographic Details
Main Author: Stefansson, Vilhjalmur, 1879-1962
Format: Book
Language:English
Published: New York : Macmillan, 1956.
Subjects:

MARC

Tag First Indicator Second Indicator Subfields
LEADER 00000cam a2200000 4500
001 in00000094911
005 20150927110603.0
008 721205s1956 eng u
010 |a  56013379  
035 |a (OCoLC)00506655 
035 |9 AAL6787AM 
040 |c OUN  |d TXA  |d UtOrBLW 
049 |a TXAS  |c [1092050] 
050 0 |a TX371  |b .S8 1956 
082 0 |a 612.3928 
100 1 |a Stefansson, Vilhjalmur,  |d 1879-1962. 
245 1 4 |a The fat of the land. :  |b Enl. ed. of Not by bread alone /  |c With comment by Fredrick J. Stare and Paul Dudley White. 
264 1 |a New York :  |b Macmillan,  |c 1956. 
300 |a 339 pages ;  |c 22 cm. 
336 |a text  |b txt  |2 rdacontent 
337 |a unmediated  |b n  |2 rdamedia 
338 |a volume  |b nc  |2 rdacarrier 
650 0 |a Meat. 
650 0 |a Pemmican. 
650 0 |a Nutrition. 
999 |a MARS 
999 f f |s 1d341aaa-e234-3af2-bbe4-2fbde5f89621  |i 949cf4c6-71c4-371f-906d-a9d38f534734  |t 0 
952 f f |p noncirc  |a Texas A&M University  |b College Station  |c Cushing Memorial Library & Archives  |d Cushing: Dykes (Does not check out)  |t 0  |e TX371 .S8 1956  |h Library of Congress classification  |i unmediated -- volume  |m A14851938986 
998 f f |a TX371 .S8 1956  |t 0  |l Cushing: Dykes (Does not check out)